| 000 | 01128nam a22001937a 4500 | ||
|---|---|---|---|
| 008 | 110731s1992 xxu||||| |||| 00| 0 ara d | ||
| 082 |
_222 _a327.730 _bك و ك |
||
| 100 | 1 |
_926495 _aكوكبيرن ، اندرو |
|
| 245 |
_aعلاقات خطرة : _bالقصة الخفية للعلاقات السرية الأميركية الاسرائيلية / _cاندرو كوكبيرن ، ليسلي كوكبيرن ؛ ترجمة محمود برهوم |
||
| 260 |
_aبيروت : _bالمؤسسة العربية للدراسات والنشر ، _c1992. |
||
| 300 |
_a303 ص : _bصور ؛ _c24 سم. |
||
| 650 |
_926505 _aالولايات المتحدة الامريكية _xعلاقات خارجية _zاسرائيل |
||
| 650 |
_926504 _aاسرائيل _xعلاقات خارجية _zالولايات المتحدة الامريكية |
||
| 653 |
_bAra _cJuly2011 |
||
| 700 |
_926496 _aكوكبيرن ، ليسلي |
||
| 700 |
_926497 _aبرهوم ، محمود _eترجمة |
||
| 942 |
_2ddc _cBB |
||
| 999 |
_c15764 _d15764 |
||